| 000 | 00441nam a2200169Ia 4500 | ||
|---|---|---|---|
| 003 | GCL | ||
| 008 | 140319s9999 xx 000 0 eng d | ||
| 040 |
_aGCL / _cGCL |
||
| 082 | 0 | 4 |
_a616.5 _bB E |
| 100 | 1 | _aBURTON, J. H. | |
| 245 | 1 | 0 |
_aESSENTIALS OF DERMATOLOGY / _cBURTON, J. H. |
| 260 |
_a[S.N] : _bELBS WITH CHURCHILL LIVINGSTONE ، _c1990 |
||
| 300 | _a299\P | ||
| 650 | 0 | 4 | _aDERMATOLOGY |
| 650 | 0 | 4 | _aSKIN DISEASES |
| 942 |
_2ddc _cBK |
||
| 999 |
_c20027 _d20027 |
||